Vplyv vonkajšieho prostredia, osobitne procesov SEI, na formovanie zahraničnoekonomických vzťahov ČSSR čiastková výskumná úloha ŠPEV 907-108-101

Gespeichert in:
Bibliographische Detailangaben
Format: Buch
Sprache:Slowakisch
Veröffentlicht: Bratislava VŠE 1988
Tags: Tag hinzufügen
Keine Tags, Fügen Sie das erste Tag hinzu!

MARC

LEADER 00000nam a2200000 4500
001 c028789
005 20260325113850.9
041 0 |a slo 
044 |a SK 
245 1 0 |a Vplyv vonkajšieho prostredia, osobitne procesov SEI, na formovanie zahraničnoekonomických vzťahov ČSSR  |b čiastková výskumná úloha ŠPEV 907-108-101 
264 1 |a Bratislava  |b VŠE  |c 1988 
300 |a 60 s.